Theories of race and ethnicity : (Record no. 28108)

MARC details
000 -LEADER
fixed length control field 02468cam a22003495i 4500
001 - CONTROL NUMBER
control field 18548534
003 - CONTROL NUMBER IDENTIFIER
control field EG-ScBUE
005 - DATE AND TIME OF LATEST TRANSACTION
control field 20200216105422.0
008 - FIXED-LENGTH DATA ELEMENTS--GENERAL INFORMATION
fixed length control field 150331s2015 enka f b 001 0 eng d
020 ## - INTERNATIONAL STANDARD BOOK NUMBER
International Standard Book Number 9780521154260 (paperback)
020 ## - INTERNATIONAL STANDARD BOOK NUMBER
International Standard Book Number 052115426X (paperback)
035 ## - SYSTEM CONTROL NUMBER
System control number (OCoLC)ocn896863206
040 ## - CATALOGING SOURCE
Original cataloging agency BTCTA
Language of cataloging eng
Description conventions rda
Transcribing agency BTCTA
Modifying agency UKMGB
-- CDX
-- YDXCP
-- OCLCO
-- CDN
-- OCLCF
-- PMC
-- DLC
-- EG-ScBUE
082 04 - DEWEY DECIMAL CLASSIFICATION NUMBER
Classification number 305.8
Item number THE
Edition number 22
245 00 - TITLE STATEMENT
Title Theories of race and ethnicity :
Remainder of title contemporary debates and perspectives /
Statement of responsibility, etc edited by Karim Murji and John Solomos.
264 #1 - PUBLICATION, DISTRIBUTION, ETC. (IMPRINT)
Place of publication, distribution, etc Cambridge :
Name of publisher, distributor, etc Cambridge University Press,
Date of publication, distribution, etc 2015.
300 ## - PHYSICAL DESCRIPTION
Extent xiv, 292 pages ;
Dimensions 23 cm
336 ## - CONTENT TYPE
Content type term text
Content type code txt
Source rdacontent
337 ## - MEDIA TYPE
Media type term unmediated
Media type code n
Source rdamedia
338 ## - CARRIER TYPE
Carrier type term volume
Carrier type code nc
Source rdacarrier
504 ## - BIBLIOGRAPHY, ETC. NOTE
Bibliography, etc Includes bibliographical references and index.
505 0# - FORMATTED CONTENTS NOTE
Formatted contents note Introduction : situating the present / Karim Murji and John Solomos -- Race and the science of difference in the age of genomics / Sandra Soo-Jin Lee -- Color-blind egalitarianism as the new racial norm / Charles A. Gallagher -- Getting over the Obama hope hangover : the new racism in 'post-racial' America / Eduardo Bonilla-Silva (with Victor E. Ray) -- Does a recognition of mixed race move us toward post-race? / Miri Song -- Acting 'as' and acting 'as if' : two approaches to the politics of race and migration / Leah Bassel -- Can race be eradicated? The post-racial problematic / Brett St. Louis -- Superseding race in sociology : the perspective of critical rationalism / Michael Banton -- Critical race feminism / Adrien K. Wing -- Performativity and 'raced' bodies / Shirley Anne Tate -- Racism : psychoanalytic and psychoanalytic and psychosocial approaches / Simon Clarke -- The sociology of whiteness : beyond good and evil white people / Matthew W. Hughey -- (Sexual) whiteness and national identity : race, class and sexuality in colour-blind France / �Eric Fassin -- Racial comparisons, relational racisms : some thoughts on method / David Theo Goldberg -- Conclusion : back to the future / Karim Murji and John Solomos.
650 #7 - SUBJECT ADDED ENTRY--TOPICAL TERM
Topical term or geographic name as entry element Race.
Source of heading or term BUEsh
650 #7 - SUBJECT ADDED ENTRY--TOPICAL TERM
Topical term or geographic name as entry element Ethnicity.
Source of heading or term BUEsh
650 #7 - SUBJECT ADDED ENTRY--TOPICAL TERM
Topical term or geographic name as entry element Racism.
Source of heading or term BUEsh
653 ## - INDEX TERM--UNCONTROLLED
Resource For college BAEPS, Political Science
Arrived date list February2020
700 1# - ADDED ENTRY--PERSONAL NAME
Personal name Murji, Karim,
Dates associated with a name 1960-
Relator term editor.
700 1# - ADDED ENTRY--PERSONAL NAME
Personal name Solomos, John,
Relator term editor.
942 ## - ADDED ENTRY ELEMENTS (KOHA)
Source of classification or shelving scheme Dewey Decimal Classification
Koha item type Book - Borrowing
Holdings
Withdrawn status Lost status Source of classification or shelving scheme Damaged status Not for loan Collection code Home library Current library Shelving location Date acquired Source of acquisition Cost, normal purchase price Serial Enumeration / chronology Total Checkouts Full call number Barcode Date last seen Cost, replacement price Price effective from Koha item type
    Dewey Decimal Classification     Alahram Central Library Central Library First floor 16/02/2020 Purchase 270.00 487   305.8 THE 000048636 18/08/2021 337.50 16/02/2020 Book - Borrowing